000 00269pam a2200145 a 4500
020 _c
041 _h
100 _aDr. Kishore Pawar
245 _aNon-Chordate Zoology
250 _aIIIrd
260 _c1998
300 _a151
653 _aZoology
930 _a183
999 _c246036
_d246036